Seminar of mathematical analysis : Proceedings, Universities of Malaga and Seville (Spain) September 2002-February 2003 /
Guardado en:
| Autores Corporativos: | , , |
|---|---|
| Otros Autores: | , , |
| Formato: | Libro |
| Idioma: | English Spanish |
| Publicado: |
Sevilla :
Secretariado de Publicaciones, Universidad de Sevilla,
2003.
|
| Series: | Colección Abierta ;
no. 64 |
| Etiquetas: |
Agregar Etiqueta
Sin Etiquetas, Sea el primero en etiquetar este registro!
|
| LEADER | 02220nam a2200289 a 4500 | ||
|---|---|---|---|
| 001 | MAT.inmabb002473 | ||
| 008 | 031112s2003####sp#####f#b####100#0#eng#d | ||
| 005 | 20180703151626.0 | ||
| 245 | 1 | 0 | |a Seminar of mathematical analysis : |b Proceedings, Universities of Malaga and Seville (Spain) September 2002-February 2003 / |c Daniel Girela Álvarez, Genaro López Acedo, Rafael Villa Caro (editors). |
| 260 | |a Sevilla : |b Secretariado de Publicaciones, Universidad de Sevilla, |c 2003. | ||
| 300 | |a 276 p. ; |c 24 cm. | ||
| 440 | 0 | |a Colección Abierta ; |v no. 64 | |
| 546 | |a Principalmente en inglés, con tres contribuciones en español. | ||
| 504 | |a Incluye referencias bibliográficas. | ||
| 505 | 0 | |a Hugo A. Aimar, A quasi-metric space of homogeneous type modelling diffusion with non-uniformly elliptic thermal conductivity -- Sergiu Aizicovici, Simeon Reich and Alexander J. Zaslavski, Continuous descent methods -- Richard M. Aron, Algebras of analytic functions on Banach spaces -- J. Marshall Ash, Topics in generalized differentiation -- Fernando Bombal, Análisis funcional: una perspectiva histórica -- José Bonet, Weighted spaces of holomorphic functions and operators between them -- Aldric L. Brown, Suns in polyhedral spaces -- David Cruz-Uribe, The Hardy-Littlewood maximal operator on variable-Lp spaces -- Karl G. Grosse-Erdmann, Recent developments in hypercyclicity -- Aicke Hinrichs, Vector valued Fourier transforms and Fourier type -- William A. Kirk, Geodesic geometry and fixed point theory -- Wolfgang Luh, Zeros of partial sums -- Rodrigo Trujillo-González, Estimaciones con peso deducidas del principio de Calderón-Zygmund -- Dragan Vukotic, Conjuntos uniformemente discretos, muestreo e interpolación. | |
| 510 | 4 | |a MR, |c 2004j:00024 | |
| 020 | |a 8447208036 | ||
| 111 | 2 | |a Seminar of Mathematical Analysis |d (2003 : |c Málaga y Sevilla) | |
| 700 | 1 | |a Girela Álvarez, Daniel |4 edt | |
| 700 | 1 | |a López Acedo, G. |q (Genaro), |d 1956- |4 edt | |
| 700 | 1 | |a Villa Caro, Rafael |4 edt | |
| 710 | 2 | |a Universidad de Sevilla | |
| 710 | 2 | |a Universidad de Málaga | |
| 084 | |a 46-06 (42-06 42B20 42B25 00B25) |2 msc2000 | ||
| 010 | |a 2005394686 | ||
| 041 | 0 | |a eng |a spa | |
| 859 | |h 46 |i Se471m |p A-8141 |b BIB. MATEMATICA | ||
